Príprava neoxidovej keramiky na báze Si3N4/SiC : Diplomová práca

Gespeichert in:
Bibliographische Detailangaben
1. Verfasser: Lojanová, Štefánia (Verfasst von)
Weitere Verfasser: Šajgalík, Pavol (xxx)
Format: Manuskript Buch
Sprache:Slowakisch
Veröffentlicht: Trnava : STU v Bratislave MtF KMI, 2004
Schlagworte:
Tags: Tag hinzufügen
Keine Tags, Fügen Sie das erste Tag hinzu!

MARC

LEADER 00000ntm a22000003a 4500
001 stu88901
005 20160719154710.9
008 040715s2004----xo------------------slo-d
040 |a STU  |b slo 
041 0 |a slo 
044 |a xo 
100 1 |a Lojanová, Štefánia  |4 aut 
245 1 |a Príprava neoxidovej keramiky na báze Si3N4/SiC :  |b Diplomová práca 
260 |a Trnava :  |b STU v Bratislave MtF KMI,  |c 2004 
300 |a 59 s 
650 7 |a materiálové inžinierstvo  |2 stusub 
650 7 |a kovové a nekovové materiály  |2 stusub 
700 1 |a Šajgalík, Pavol  |4 xxx 
996 |b 284M059776  |c M*DP-5038  |l MMSKP  |s P  |a 0  |w stu88901_0001